| 000 | 00634nam a2200193 4500 | ||
|---|---|---|---|
| 001 | 108731 | ||
| 003 | ES-MaACL | ||
| 005 | 20251013192708.0 | ||
| 007 | t| | ||
| 008 | 061121s1965 sp r ||||1| spa d | ||
| 100 | 0 |
_aMontoliu, Manuel de, _d1877-1961 _982679 |
|
| 245 | 1 | 0 |
_aLlibre de Poblet / _cManuel de Montoliu ; próleg del Rdm. P. Edmond M. Garreta Abat de Poblet. |
| 250 | _a[ 2.ª ed.]. | ||
| 260 |
_aBarcelona : _bSelecta, _c1965. |
||
| 300 |
_a214 p. Lám. I-XII. ; _c18 cm. |
||
| 700 | 1 |
_aGarreta, Edmundo María, _cAbad de Poblet _955655 |
|
| 852 |
_aES-MaACL _jC-28329 _bR.57631 |
||
| 999 |
_c108731 _d108731 |
||